| 000 | 00869nam a22003017a 4500 | ||
|---|---|---|---|
| 001 | 5278 | ||
| 003 | FISKH | ||
| 005 | 20241122132846.0 | ||
| 008 | 241122b cb ||||| |||| 00| 0 eng d | ||
| 020 | _a9780590441100 | ||
| 040 |
_aFISKH _beng _cFISKH _dFISKH |
||
| 050 | _aPZ8.E97 | ||
| 082 | _a292.211 | ||
| 100 | _aEvslin, Bernard | ||
| 245 |
_aThe Greek Gods / _cby Evslin, Evslin, & Hoopes |
||
| 260 |
_aNew York : _bScholastic ; _c1966 . |
||
| 300 |
_a116 pages : _billustrations ; _c20 cm . |
||
| 505 | _aU | ||
| 520 | _aA collection of classic legends of the Greek gods. | ||
| 521 | 8 |
_a840
_bLexile |
|
| 521 | 8 |
_aU
_bRaz-Plus |
|
| 650 |
_aGreek mythology _vnon-fiction |
||
| 650 |
_ahistory _vnon-fiction |
||
| 650 |
_aAncient Greece _vnon-fiction |
||
| 700 |
_aHunter, William _eillustrator |
||
| 942 |
_2ddc _cBK _n0 |
||
| 999 |
_c5278 _d5278 |
||